[Event "WM Leningrad"]
[Site "?"]
[Date "1986.??.??"]
[Round "19"]
[White "Karpov, Anatoly"]
[Black "Kasparov, Gary"]
[Result "1-0"]
[WhiteElo "2700"]
[BlackElo "2720"]
[PlyCount "89"]
[EventDate "1986.??.??"]
[Source "www.chesslib.no"]
[SourceDate "2004.05.04"]

1. d4 Nf6 2. c4 g6 3. Nc3 d5 4. Nf3 Bg7 5. Qb3 dxc4 6. Qxc4 O-O 7. e4 Na6 8. Be2 c5 9. d5 e6 10. O-O exd5 11. exd5 Bf5 12. Bf4 Re8 13. Rad1 Ne4 14. Nb5 Qf6 15. Bd3 Nb4 16. Nc7 Nxd3 17. Nxe8 Rxe8 18. Qxd3 Qxb2 19. Rde1 Qb4 20. Nd2 Qa4 21. Qc4 Qxc4 22. Nxc4 Bc3 23. Nd2 Bxd2 24. Bxd2 Bd7 25. Bf4 Bb5 26. f3 g5 27. Bxg5 Bxf1 28. Kxf1 Nd6 29. Be7 Nc8 30. Bxc5 Rd8 31. Re5 f6 32. Rf5 b6 33. Bd4 Ne7 34. Bxf6 Rxd5 35. Rg5+ Rxg5 36. Bxg5 Nc6 37. Ke2 Kf7 38. Kd3 Ke6 39. Kc4 Ne5+ 40. Kd4 Nc6+ 41. Kc4 Ne5+ 42. Kb5 Kd7 43. Ka6 Nc6 44. Bd2 Kc7 45. Bc3 1-0

[Event "Kallithea 85/411"]
[Site "?"]
[Date "2002.??.??"]
[Round "?"]
[White "Bareev, E."]
[Black "Sutovsky, E."]
[Result "1/2-1/2"]
[WhiteElo "2726"]
[BlackElo "2658"]
[PlyCount "83"]
[EventDate "2002.??.??"]
[Source "Chess Informant"]
[SourceDate "2002.06.01"]

1. d4 Nf6 2. c4 g6 3. Nc3 d5 4. Nf3 Bg7 5. Qb3 dxc4 6. Qxc4 O-O 7. e4 Na6 8. Be2 c5 9. d5 e6 10. O-O exd5 11. exd5 Nb4 12. Rd1 b6 13. Qh4 Nc2 14. Rb1 Bf5 15. Bg5 Nd4 16. Rbc1 h6 17. Bxh6 Nxd5 18. Bg5 Nxc3 19. Nxd4 Qxd4 20. bxc3 Qxh4 21. Bxh4 Bh6 22. Ra1 Bg7 23. Rac1 Bh6 24. Ra1 Rae8 25. Bb5 Re4 26. Bg3 Bg7 27. Rac1 Be6 28. a3 Bh6 29. Rb1 Bg7 30. Rbc1 f5 31. Rd6 Kf7 32. Bc6 Be5 33. Bxe4 Bxd6 34. Bxd6 Rd8 35. Bxf5 Bxf5 36. Bf4 Re8 37. f3 Re2 38. Bb8 a5 39. Bc7 Rb2 40. Rd1 a4 41. Rd6 b5 42. Bb6 1/2-1/2

[Event "Bugojno"]
[Site "?"]
[Date "1999.??.??"]
[Round "?"]
[White "Bareev, E."]
[Black "Van Wely, L."]
[Result "1-0"]
[WhiteElo "2695"]
[BlackElo "2625"]
[PlyCount "59"]
[EventDate "1999.??.??"]
[Source "Chess Informant"]
[SourceDate "1999.10.01"]

1. d4 Nf6 2. c4 g6 3. Nc3 d5 4. Nf3 Bg7 5. Qb3 dxc4 6. Qxc4 O-O 7. e4 Na6 8. Be2 c5 9. d5 e6 10. O-O exd5 11. exd5 Bf5 12. Be3 Re8 13. Rfd1 Qb6 14. d6 Rad8 15. Ng5 Rf8 16. Na4 Qb4 17. Qxb4 Nxb4 18. Bxc5 Nc2 19. Rac1 Nd7 20. g4 Nxc5 21. Nxc5 Nd4 22. Rxd4 Bxd4 23. gxf5 Rxd6 24. Nce4 Rb6 25. b3 gxf5 26. Ng3 Be5 27. Rc5 Bf4 28. Rxf5 Bxg5 29. Rxg5+ Kh8 30. Rd5 1-0

[Event "FRA-chT 9900"]
[Site "France"]
[Date "2000.03.31"]
[Round "5.2"]
[White "Tkachiev, Vladislav"]
[Black "Van Wely, Loek"]
[Result "1/2-1/2"]
[WhiteElo "2670"]
[BlackElo "2639"]
[PlyCount "35"]
[EventDate "2000.02.04"]
[Source "www.chesslib.no"]
[SourceDate "2004.05.04"]

1. d4 Nf6 2. c4 g6 3. Nc3 d5 4. Nf3 Bg7 5. Qb3 dxc4 6. Qxc4 O-O 7. e4 Na6 8. Qa4 c5 9. d5 Qb6 10. Bxa6 bxa6 11. O-O e6 12. dxe6 Bxe6 13. Re1 Rfe8 14. Ng5 Qb4 15. Nxe6 Rxe6 16. Qc2 Nd5 17. Bd2 Nxc3 18. Bxc3 1/2-1/2

[Event "LXIV Campionato polacco"]
[Site "Opole POL"]
[Date "2007.02.09"]
[Round "1"]
[White "Wojtaszek, R."]
[Black "Macieja, B."]
[Result "1-0"]
[WhiteElo "2637"]
[BlackElo "2629"]
[PlyCount "81"]
[EventDate "2007.02.09"]
[Source "www.chesslib.no"]
[SourceDate "2004.05.04"]

1. d4 Nf6 2. c4 g6 3. Nc3 d5 4. Nf3 Bg7 5. Qb3 dxc4 6. Qxc4 O-O 7. e4 Na6 8. Be2 c5 9. d5 e6 10. O-O exd5 11. exd5 Nb4 12. Rd1 b6 13. Qb3 Bf5 14. Ne1 a5 15. Bg5 Qd6 16. a3 Na6 17. Qa4 Nc7 18. Bf4 Qd8 19. Bc4 Nh5 20. Be3 Qd6 21. Be2 Nf6 22. Bf4 Qd8 23. Bf3 Bd7 24. Qb3 Rb8 25. a4 Nfe8 26. Bg3 Bf5 27. Nb5 Nxb5 28. Qxb5 Bd7 29. Qb3 Rc8 30. Rac1 Qf6 31. Nd3 Bf5 32. Ne5 Nc7 33. Nc4 Na8 34. Be5 Qd8 35. d6 Be6 36. Qc3 Bh6 37. Bf6 Qe8 38. Ra1 Bxc4 39. Qxc4 b5 40. Qh4 Qe6 41. Bg4 1-0

[Event "[Belia"]
[Site "Reggio Emilia [Belia"]
[Date "1995.??.??"]
[Round "?"]
[White "Beliavsky, Alexander G"]
[Black "Azmaiparashvili, Zurab A"]
[Result "1-0"]
[WhiteElo "2650"]
[BlackElo "2610"]
[PlyCount "65"]
[EventDate "1995.??.??"]
[Source "www.chesslib.no"]
[SourceDate "2004.05.04"]

1. d4 Nf6 2. c4 g6 3. Nc3 d5 4. Nf3 Bg7 5. Qb3 dxc4 6. Qxc4 O-O 7. e4 Na6 8. Be2 c5 9. d5 e6 10. O-O exd5 11. exd5 Bf5 12. Be3 Re8 13. Rad1 Qb6 14. d6 Be6 15. Qb5 h6 16. Ne5 Red8 17. Nc4 Qxb5 18. Nxb5 Nd5 19. Bc1 Ndb4 20. a3 Nc2 21. Na5 Rd7 22. Bf4 g5 23. Bg3 f5 24. Bd3 Nd4 25. b3 Kf8 26. Bh4 h5 27. h3 Nxb5 28. Bxf5 Nbc7 29. Nc4 Re7 30. Bh7 Bd5 31. Be4 Ree8 32. Rxd5 Kf7 33. Re1 1-0

[Event "otb"]
[Site "otb"]
[Date "2007.05.08"]
[Round "7"]
[White "Miroshnichenko Evgenij"]
[Black "Kornev Alexei"]
[Result "1/2-1/2"]
[WhiteElo "2646"]
[BlackElo "2567"]
[PlyCount "37"]
[Source "www.chesslib.no"]
[SourceDate "2004.05.04"]

1. d4 Nf6 2. Nf3 g6 3. c4 Bg7 4. Nc3 d5 5. Qb3 dxc4 6. Qxc4 O-O 7. e4 Na6 8. Be2 c5 9. d5 e6 10. O-O exd5 11. exd5 Bf5 12. a3 Re8 13. Rd1 Ne4 14. Be3 Qb6 15. Nd2 Nd6 16. Qa2 Bd4 17. Nc4 Nxc4 18. Bxc4 Qf6 19. Qb3 1/2-1/2

[Event "Slovenija"]
[Site "?"]
[Date "1999.??.??"]
[Round "?"]
[White "Kozul, Z."]
[Black "Atalik, S."]
[Result "1/2-1/2"]
[WhiteElo "2610"]
[BlackElo "2595"]
[PlyCount "81"]
[EventDate "1999.??.??"]
[Source "Chess Informant"]
[SourceDate "1999.10.01"]

1. d4 Nf6 2. c4 g6 3. Nc3 d5 4. Nf3 Bg7 5. Qb3 dxc4 6. Qxc4 O-O 7. e4 Na6 8. Qb3 c5 9. d5 e6 10. Bxa6 bxa6 11. O-O exd5 12. exd5 Qb6 13. Rd1 Bb7 14. Bf4 Rfe8 15. Rd2 h6 16. h3 Rad8 17. Qxb6 axb6 18. Bc7 Rxd5 19. Nxd5 Nxd5 20. Bh2 c4 21. Rad1 Nb4 22. Rd8 Rxd8 23. Rxd8+ Kh7 24. Ne5 b5 25. Rd7 Bd5 26. a3 Be6 27. Rd6 Nd3 28. Nxd3 cxd3 29. Rxd3 Bxb2 30. Bc7 Bc4 31. Rf3 h5 32. Ba5 g5 33. Bb4 Kg6 34. Re3 g4 35. h4 f6 36. g3 Kf5 37. Kg2 a5 38. Bxa5 Bc1 39. Rc3 Bb2 40. Re3 Bc1 41. Rc3 1/2-1/2

[Event "TCh-ROM A"]
[Site "?"]
[Date "2005.05.22"]
[Round "2"]
[White "Gyimesi Zoltan"]
[Black "Iordachescu Viorel"]
[Result "1/2-1/2"]
[WhiteElo "2595"]
[BlackElo "2609"]
[PlyCount "130"]
[EventDate "2005.??.??"]
[Source "www.chesslib.no"]
[SourceDate "2004.05.04"]

1. d4 Nf6 2. c4 g6 3. Nc3 d5 4. Nf3 Bg7 5. Qb3 dxc4 6. Qxc4 O-O 7. e4 Na6 8. Be2 c5 9. d5 e6 10. O-O exd5 11. exd5 Nb4 12. Rd1 b6 13. Bg5 h6 14. Bxf6 Bxf6 15. Qb3 Re8 16. Rd2 Bg4 17. Rad1 a5 18. h3 a4 19. Qc4 Bd7 20. a3 Na6 21. d6 Kg7 22. Nd5 b5 23. Qg4 Ra7 24. Kf1 Rb7 25. Bd3 Bg5 26. Nxg5 Qxg5 27. Qf3 Bc6 28. Be4 Qe5 29. Qf6+ Kf8 30. d7 Rxd7 31. Qxc6 Rd6 32. Qxb5 Qxe4 33. Re2 Nc7 34. Qxe8+ Qxe8 35. Rxe8+ Nxe8 36. Nc3 Ra6 37. Rd5 Ra5 38. Rd7 Nf6 39. Rb7 Ke8 40. Nb5 Ne4 41. Ke2 Kd8 42. f3 Kc8 43. Rb6 Ng5 44. Kd3 Ne6 45. Kc4 g5 46. g4 Kd7 47. Kd5 Ke7 48. Rb7+ Kf6 49. Nd6 Nf4+ 50. Kc4 Nxh3 51. Nxf7 Ng1 52. Nxh6 Ra6 53. Ng8+ Ke5 54. Rf7 Rg6 55. Rf8 Nxf3 56. Ne7 Rf6 57. Rxf6 Kxf6 58. Nd5+ Ke5 59. Nc3 Nh2 60. Nxa4 Nxg4 61. Nxc5 Ne3+ 62. Kd3 Nd1 63. b4 g4 64. Ke2 Nc3+ 65. Kf2 Nd5 1/2-1/2

[Event "60th ch-RUS Higher League"]
[Site "Krasnoyarsk RUS"]
[Date "2007.09.06"]
[Round "4"]
[White "Najer, E."]
[Black "Kurnosov, I."]
[Result "1-0"]
[WhiteElo "2623"]
[BlackElo "2579"]
[PlyCount "83"]
[EventDate "2007.09.03"]
[Source "www.chesslib.no"]
[SourceDate "2004.05.04"]

1. d4 Nf6 2. c4 g6 3. Nf3 Bg7 4. Nc3 d5 5. Qb3 dxc4 6. Qxc4 O-O 7. e4 Na6 8. Be2 c5 9. d5 e6 10. O-O exd5 11. exd5 Bf5 12. Rd1 Qb6 13. Nh4 Bd7 14. h3 Rad8 15. Bf4 Rfe8 16. Rd2 Qa5 17. Bg5 h6 18. Bxf6 Bxf6 19. Nf3 b5 20. Qf4 Bxc3 21. bxc3 Qxc3 22. Rad1 c4 23. Nd4 Qa3 24. Ne6 fxe6 25. dxe6 Qf8 26. Qg4 Bxe6 27. Qxg6+ Qg7 28. Qxg7+ Kxg7 29. Rxd8 Rxd8 30. Rxd8 Nb4 31. a3 c3 32. axb4 c2 33. Rd1 cxd1=Q+ 34. Bxd1 Kf6 35. f4 Bc4 36. Kf2 a5 37. bxa5 b4 38. Ke3 b3 39. Kd4 b2 40. Bc2 Bf1 41. g3 Bxh3 42. Ke4 1-0

[Event "Zlatibor"]
[Site "?"]
[Date "2006.08.26"]
[Round "1"]
[White "Ivanisevic Ivan"]
[Black "Iordachescu Viorel"]
[Result "1-0"]
[WhiteElo "2596"]
[BlackElo "2603"]
[PlyCount "79"]
[EventDate "2006.??.??"]
[Source "www.chesslib.no"]
[SourceDate "2004.05.04"]

1. d4 Nf6 2. c4 g6 3. Nc3 d5 4. Nf3 Bg7 5. Qb3 dxc4 6. Qxc4 O-O 7. e4 Na6 8. Qa4 c5 9. d5 e6 10. dxe6 Bxe6 11. Bxa6 bxa6 12. O-O Qc8 13. Bf4 Bg4 14. Nd2 Rd8 15. Qc2 Be6 16. Rfe1 Nh5 17. Be3 Rb8 18. Rac1 f5 19. f3 Qd7 20. Nb3 Bxb3 21. axb3 Rbc8 22. Nd5 fxe4 23. fxe4 Nf6 24. Rcd1 Nxd5 25. Rxd5 Qe6 26. Qc4 Re8 27. e5 Bf8 28. Rf1 Bg7 29. Re1 Kh8 30. Bd2 Qb6 31. Rd6 Rc6 32. Rd7 Rce6 33. Bc3 h5 34. h3 R8e7 35. Rxe7 Rxe7 36. e6 Qd6 37. Kh1 Kh7 38. Qe4 a5 39. Bxg7 Kxg7 40. Qe3 1-0

[Event "IX Camp. europeo"]
[Site "Plovdiv BUL"]
[Date "2008.04.30"]
[Round "9"]
[White "Volkov, Sergey1"]
[Black "Lupulescu, C."]
[Result "1-0"]
[WhiteElo "2633"]
[BlackElo "2558"]
[PlyCount "119"]
[EventDate "2008.04.21"]
[Source "www.chesslib.no"]
[SourceDate "2004.05.04"]

1. d4 Nf6 2. c4 g6 3. Nc3 d5 4. Nf3 Bg7 5. Qb3 dxc4 6. Qxc4 O-O 7. e4 Na6 8. Be2 c5 9. d5 e6 10. O-O exd5 11. exd5 Bf5 12. Rd1 Qb6 13. Nh4 Bd7 14. h3 Ne8 15. Qb3 Qxb3 16. axb3 Nb4 17. Be3 b6 18. Rd2 Nd6 19. Bf4 Nb7 20. g4 Rfe8 21. Ng2 Na5 22. Ra3 Be5 23. Bxe5 Rxe5 24. Ne3 f5 25. Nc4 Nxc4 26. bxc4 a6 27. Kg2 f4 28. Ra1 Rae8 29. Rad1 Kg7 30. Bf3 g5 31. b3 h6 32. d6 Kf6 33. Na4 Rb8 34. Nc3 Rbe8 35. Bb7 Rb8 36. Be4 Nc6 37. Bd5 a5 38. Nb5 Rd8 39. Bf3 Kf7 40. Kf1 Nb4 41. Nc3 Ke6 42. Be4 Nc6 43. Bf5+ Kf7 44. Bxd7 Rxd7 45. Nb5 Ke6 46. Kg2 Rd8 47. d7 Nd4 48. Nxd4+ cxd4 49. Rxd4 Ke7 50. Rd6 Re6 51. R6d5 Re2 52. R1d3 Rb2 53. h4 gxh4 54. Re5+ Kf7 55. Rh5 Kg6 56. Rxh4 Kg5 57. Rh5+ Kxg4 58. Rxh6 f3+ 59. Rxf3 Rxd7 60. Rg6+ 1-0

[Event "Hrvatska"]
[Site "?"]
[Date "1995.??.??"]
[Round "?"]
[White "Tukmakov, V."]
[Black "Lalic, B."]
[Result "1/2-1/2"]
[WhiteElo "2600"]
[BlackElo "2590"]
[PlyCount "36"]
[EventDate "1995.??.??"]
[Source "ChessBase"]
[SourceDate "1995.06.01"]

1. d4 Nf6 2. c4 g6 3. Nc3 d5 4. Nf3 Bg7 5. Qb3 dxc4 6. Qxc4 O-O 7. e4 Na6 8. Be2 c5 9. d5 e6 10. O-O exd5 11. exd5 b6 12. Rd1 Nb4 13. Qh4 Nc2 14. Rb1 Bf5 15. Bd3 Nd4 16. Bxf5 Nxf5 17. Qc4 Nd6 18. Qf1 Re8 1/2-1/2

[Event "POL-ch 57th"]
[Site "Plock"]
[Date "2000.05.29"]
[Round "2"]
[White "Kempinski, Robert"]
[Black "Krasenkow, Michal"]
[Result "1/2-1/2"]
[WhiteElo "2528"]
[BlackElo "2661"]
[PlyCount "88"]
[EventDate "2000.04.28"]
[Source "ChessBase"]
[SourceDate "2000.10.18"]

1. d4 Nf6 2. c4 g6 3. Nf3 Bg7 4. Nc3 d5 5. Qb3 dxc4 6. Qxc4 O-O 7. e4 Na6 8. Be3 c5 9. dxc5 Ng4 10. Bd2 Be6 11. Qb5 Rc8 12. h3 Nf6 13. e5 Nd5 14. Ne4 Bf5 15. Bd3 Bxe4 16. Bxe4 Nxc5 17. Qe2 f5 18. Bc2 Qb6 19. Rb1 Nb4 20. Qc4+ Ne6 21. Qxb4 Rxc2 22. O-O Qxb4 23. Bxb4 Kf7 24. Rfd1 Rc4 25. a3 Rfc8 26. Rd7 R8c7 27. Rbd1 Ke8 28. Rxc7 Rxc7 29. Kf1 g5 30. g3 a6 31. Bc3 Rc5 32. Ne1 g4 33. hxg4 fxg4 34. Nd3 Rd5 35. Ke2 Kf7 36. Rh1 Kg6 37. Ke3 Bh6+ 38. Ke4 Rd8 39. f4 gxf3 40. Nf4+ Bxf4 41. gxf4 Nc5+ 42. Kxf3 Rd3+ 43. Ke2 Rg3 44. f5+ Kxf5 1/2-1/2

[Event "Keres mem op 25th"]
[Site "Vancouver"]
[Date "2000.05.19"]
[Round "7"]
[White "Orlov, Georgi"]
[Black "Epishin, Vladimir"]
[Result "0-1"]
[WhiteElo "2512"]
[BlackElo "2667"]
[PlyCount "102"]
[EventDate "2000.05.13"]
[Source "ChessBase"]
[SourceDate "2000.07.11"]

1. d4 Nf6 2. Nf3 g6 3. c4 Bg7 4. Nc3 d5 5. Qb3 dxc4 6. Qxc4 O-O 7. e4 Na6 8. Be2 c5 9. d5 e6 10. O-O exd5 11. exd5 Re8 12. Bf4 Bf5 13. Rad1 Qb6 14. b3 Rad8 15. Be5 Ne4 16. Bxg7 Kxg7 17. Nh4 Nd6 18. Nxf5+ Nxf5 19. Nb5 Nb8 20. Bg4 a6 21. Bxf5 axb5 22. Qc3+ Qf6 23. Qxf6+ Kxf6 24. Bd3 b4 25. Bb5 Re5 26. Bc4 Nd7 27. f4 Re4 28. d6 Nb6 29. Bd5 Nxd5 30. Rxd5 b6 31. f5 g5 32. Rfd1 Rf4 33. Rf1 Rd4 34. Rd1 Rxd1+ 35. Rxd1 Kxf5 36. Rd5+ Ke6 37. Rxg5 Rxd6 38. Rh5 Rd2 39. Rh6+ f6 40. Rxh7 Rxa2 41. Rb7 Rb2 42. Rxb6+ Kd5 43. h4 Rxb3 44. h5 c4 45. Rxf6 c3 46. Rf5+ Ke4 47. Rc5 Kd4 48. Rc7 Rb1+ 49. Kh2 b3 50. h6 Ra1 51. Rd7+ Ke5 0-1

[Event "Haninge"]
[Site "Haninge"]
[Date "1988.??.??"]
[Round "?"]
[White "Sosonko, Gennadi"]
[Black "Kortschnoj, Viktor"]
[Result "1/2-1/2"]
[WhiteElo "2535"]
[BlackElo "2640"]
[PlyCount "25"]
[EventDate "1988.05.??"]
[Source "ChessBase"]

1. d4 Nf6 2. c4 g6 3. Nc3 d5 4. Nf3 Bg7 5. Qb3 dxc4 6. Qxc4 O-O 7. e4 Na6 8. Bf4 c5 9. dxc5 Qa5 10. Qb5 Qxb5 11. Bxb5 Nxc5 12. e5 Nfe4 13. Nxe4 1/2-1/2

[Event "Slovensko"]
[Site "?"]
[Date "2004.??.??"]
[Round "?"]
[White "Babula, V."]
[Black "Ftacnik, L."]
[Result "1-0"]
[WhiteElo "2590"]
[BlackElo "2580"]
[PlyCount "127"]
[EventDate "2004.??.??"]
[Source "Chess Informant"]
[SourceDate "2004.02.01"]

1. d4 Nf6 2. c4 g6 3. Nc3 d5 4. Nf3 Bg7 5. Qb3 dxc4 6. Qxc4 O-O 7. e4 Na6 8. Be2 c5 9. d5 e6 10. O-O exd5 11. exd5 Bf5 12. Bf4 Qb6 13. Be5 Rfe8 14. d6 Nd7 15. Bxg7 Kxg7 16. Ng5 Ne5 17. Qh4 h6 18. Nge4 Qd8 19. Qf4 Bxe4 20. Nxe4 f5 21. Bxa6 bxa6 22. Nxc5 Qxd6 23. Rac1 Re7 24. Qa4 Ng4 25. g3 Re2 26. Rfd1 Rd2 27. Ne6+ Kf6 28. Rxd2 Qxd2 29. Qd4+ Qxd4 30. Nxd4 Rd8 31. Rc6+ Kf7 32. Nf3 Rd1+ 33. Kg2 Rb1 34. h3 Nf6 35. Ne5+ Kg7 36. Rxa6 Rxb2 37. Rxa7+ Kg8 38. Nxg6 Ne4 39. Kf3 Nxf2 40. h4 Nd1 41. Ne7+ Kf7 42. Nxf5+ Kg6 43. Ne7+ Kf7 44. Nd5+ Ke6 45. Nf4+ Kf6 46. Ra6+ Kg7 47. Nh5+ Kh7 48. Ra7+ Kg8 49. Kf4 Rb4+ 50. Kf3 Nc3 51. Nf4 Nb5 52. Ra6 Kh7 53. Kg4 Nd4 54. Ra7+ Kg8 55. Kh5 Rb6 56. g4 Nf3 57. Ng6 Nh2 58. Ne7+ Kf8 59. Nf5 Rb5 60. a4 Rc5 61. a5 Rd5 62. a6 Ra5 63. Ra8+ Kf7 64. a7 1-0

[Event "Solin"]
[Site "?"]
[Date "1999.??.??"]
[Round "?"]
[White "Kozul, Z."]
[Black "Tukmakov, V."]
[Result "0-1"]
[WhiteElo "2610"]
[BlackElo "2555"]
[PlyCount "96"]
[EventDate "1999.??.??"]
[Source "Chess Informant"]
[SourceDate "1999.10.01"]

1. d4 Nf6 2. c4 g6 3. Nc3 d5 4. Nf3 Bg7 5. Qb3 dxc4 6. Qxc4 O-O 7. e4 Na6 8. Qb3 c5 9. d5 e6 10. Bxa6 bxa6 11. O-O exd5 12. exd5 Qb6 13. Rd1 Bb7 14. Bf4 Rfd8 15. Qxb6 axb6 16. Bc7 Rd7 17. d6 Bxf3 18. gxf3 b5 19. Rac1 Re8 20. Kf1 Bh6 21. Rc2 Re6 22. a4 b4 23. Ne2 Ne8 24. Bb8 Rd8 25. Rxc5 Rxb8 26. d7 Rd8 27. Rc8 Bg5 28. Rd5 Nd6 29. Nd4 Nxc8 30. Nxe6 Nb6 31. Nxd8 Nxd5 32. Nc6 Nb6 33. d8=Q+ Bxd8 34. Nxd8 Nxa4 35. Nc6 Nxb2 36. Ke2 Kg7 37. Nxb4 a5 38. Nc6 a4 39. Nb4 Kf6 40. Kd2 Kf5 41. Kc2 a3 42. Kb3 Kf4 43. Nc6 Nd3 44. Kxa3 Kxf3 45. Kb3 Kxf2 46. Kc4 Ke3 47. Kd5 f5 48. Nd4 Nb4+ 0-1

[Event "SVK-CRO"]
[Site "Piestany"]
[Date "1996.??.??"]
[Round "?"]
[White "Kozul, Zdenko"]
[Black "Ftacnik, Lubomir"]
[Result "1/2-1/2"]
[WhiteElo "2580"]
[BlackElo "2585"]
[PlyCount "27"]
[EventDate "1996.??.??"]
[Source "ChessBase"]

1. d4 Nf6 2. c4 g6 3. Nc3 d5 4. Nf3 Bg7 5. Qb3 dxc4 6. Qxc4 O-O 7. e4 Na6 8. Be2 c5 9. d5 e6 10. O-O exd5 11. exd5 b6 12. Rd1 Nb4 13. Bg5 h6 14. Bxf6 1/2-1/2

[Event "Pula"]
[Site "?"]
[Date "1999.??.??"]
[Round "?"]
[White "Kozul, Z."]
[Black "Tukmakov, V."]
[Result "0-1"]
[WhiteElo "2585"]
[BlackElo "2580"]
[PlyCount "80"]
[EventDate "1999.??.??"]
[Source "Chess Informant"]
[SourceDate "1999.06.01"]

1. d4 Nf6 2. c4 g6 3. Nc3 d5 4. Nf3 Bg7 5. Qb3 dxc4 6. Qxc4 O-O 7. e4 Na6 8. Be2 c5 9. d5 e6 10. O-O exd5 11. exd5 Bf5 12. Be3 Qb6 13. Qb3 Rfd8 14. Qxb6 axb6 15. Rad1 Nb4 16. Bc4 Ne4 17. Nxe4 Bxe4 18. d6 Bxf3 19. gxf3 Bxb2 20. Bg5 Rd7 21. Rfe1 Nc6 22. Rb1 Be5 23. Rxb6 Bxd6 24. Kg2 Bf8 25. Bb5 Rd5 26. Bc1 Na5 27. Re4 c4 28. Bxc4 Rc5 29. Rb5 Rcc8 30. Rxa5 Rxa5 31. Be3 Bc5 32. Bd2 Ra7 33. Bb3 b6 34. Bg5 Kg7 35. Rf4 Rc6 36. Rh4 h5 37. Re4 f6 38. Bc1 Bxf2 39. Bb2 Bc5 40. Re8 Rd7 0-1

[Event "US Open"]
[Site "Los Angeles"]
[Date "2003.08.12"]
[Round "9"]
[White "Shabalov, Alexander"]
[Black "Ehlvest, Jaan"]
[Result "1/2-1/2"]
[WhiteElo "2575"]
[BlackElo "2587"]
[PlyCount "40"]
[EventDate "2003.08.03"]
[Source "Roberto Alvarez"]
[SourceDate "2003.08.18"]

1. d4 Nf6 2. c4 g6 3. Nc3 d5 4. Nf3 Bg7 5. Qb3 dxc4 6. Qxc4 O-O 7. e4 Na6 8. Be2 c5 9. d5 e6 10. O-O exd5 11. exd5 Bf5 12. Be3 Qb6 13. Qb5 Qxb5 14. Bxb5 Nc7 15. Bc4 b5 16. Nxb5 Nxb5 17. Bxb5 Nxd5 18. Bxc5 Bxb2 19. Rad1 Rfd8 20. Bc6 Nc3 1/2-1/2

[Event "Groningen op"]
[Site "Groningen"]
[Date "1999.12.26"]
[Round "7"]
[White "Atalik, Suat"]
[Black "Najer, Evgeniy"]
[Result "0-1"]
[WhiteElo "2598"]
[BlackElo "2562"]
[PlyCount "116"]
[EventDate "1999.12.19"]
[Source "ChessBase"]
[SourceDate "2000.01.11"]

1. d4 Nf6 2. c4 g6 3. Nc3 d5 4. Nf3 Bg7 5. Qb3 dxc4 6. Qxc4 O-O 7. e4 Na6 8. Qb3 c5 9. d5 e6 10. Bxa6 bxa6 11. O-O exd5 12. exd5 Bf5 13. Rd1 Rb8 14. Qa3 Qd6 15. Be3 Rfc8 16. h3 Ne4 17. Rac1 Nxc3 18. bxc3 h6 19. Bd4 Be4 20. Bxg7 Bxf3 21. gxf3 Kxg7 22. c4 Rb6 23. Qc3+ Qf6 24. Rd2 Re8 25. Qxf6+ Kxf6 26. Kg2 Ke7 27. Rc3 Kd7 28. Ra3 Re1 29. Ra5 Kd6 30. Rd3 Rc1 31. Ra4 Rc2 32. f4 a5 33. a3 Rbb2 34. Rf3 f5 35. Kg3 Ra2 36. Rxa5 Rxc4 37. Ra6+ Kxd5 38. Rxa7 Rc1 39. Re3 c4 40. Rd7+ Kc5 41. Kg2 Rcc2 42. Rf3 c3 43. Rc7+ Kd4 44. Rc6 Rxa3 45. Rd6+ Kc5 46. Rxg6 Rd2 47. Re3 Rd5 48. Rxh6 c2 49. Rxa3 c1=Q 50. Raa6 Kd4 51. Ra4+ Kd3 52. Rg6 Qc2 53. Rg3+ Kd2 54. Rga3 Qc6 55. Ra2+ Ke1 56. Ra6 Qb7 57. Ra7 Qc6 58. Re7+ Re5+ 0-1

[Event "Luzern ol (Men)"]
[Site "Lucerne SUI"]
[Date "1982.??.??"]
[Round "14"]
[White "Sosonko, Gennadi P"]
[Black "Smejkal, Jan"]
[Result "1/2-1/2"]
[WhiteElo "2580"]
[BlackElo "2570"]
[PlyCount "30"]
[EventDate "1982.10.??"]
[Source "www.chesslib.no"]
[SourceDate "2004.05.04"]

1. d4 Nf6 2. c4 g6 3. Nc3 d5 4. Nf3 Bg7 5. Qb3 dxc4 6. Qxc4 O-O 7. e4 Na6 8. Bf4 c5 9. dxc5 Qa5 10. Qb5 Qxb5 11. Bxb5 Nxc5 12. e5 Nfe4 13. Nxe4 Nxe4 14. Rc1 Be6 15. Bc4 Nc5 1/2-1/2

[Event "Corr"]
[Site "?"]
[Date "2000.09.01"]
[Round "?"]
[White "Burger Heinrich (GER)"]
[Black "Toro Solis de Ovando Guillerm"]
[Result "0-1"]
[WhiteElo "2567"]
[BlackElo "2581"]
[PlyCount "86"]
[EventDate "2000.??.??"]
[Source "www.chesslib.no"]
[SourceDate "2004.05.04"]

1. d4 Nf6 2. c4 g6 3. Nc3 d5 4. Nf3 Bg7 5. Qb3 dxc4 6. Qxc4 O-O 7. e4 Na6 8. Be2 c5 9. d5 e6 10. O-O exd5 11. exd5 Bf5 12. Rd1 Qb6 13. Nh4 Bd7 14. Bf4 Rfe8 15. Rd2 Qb4 16. Be3 Ng4 17. Qxb4 cxb4 18. Nd1 Nxe3 19. Nxe3 Nc5 20. Nf3 Bh6 21. Rc2 b6 22. Rd1 Ba4 23. b3 Nxb3 24. axb3 Bxb3 25. Rb2 Bxd1 26. Bxd1 a5 27. Ba4 Reb8 28. Bc6 Ra7 29. Nd4 a4 30. Kf1 Bf8 31. Rb1 b5 32. Ke2 b3 33. Kd3 b4 34. Kc4 Ra5 35. Kd3 b2 36. Rxb2 a3 37. Rb3 a2 38. Nec2 a1=Q 39. Nxa1 Rxa1 40. Nc2 Rg1 41. Ne3 f5 42. g3 Rb6 43. Rb2 Rc1 0-1

[Event "EUCup 16th"]
[Site "Neum"]
[Date "2000.??.??"]
[Round "7"]
[White "Kozul, Zdenko"]
[Black "Macieja, Bartlomiej"]
[Result "1-0"]
[WhiteElo "2611"]
[BlackElo "2536"]
[PlyCount "87"]
[EventDate "2000.09.24"]
[Source "www.chesslib.no"]
[SourceDate "2004.05.04"]

1. d4 Nf6 2. c4 g6 3. Nc3 d5 4. Nf3 Bg7 5. Qb3 dxc4 6. Qxc4 O-O 7. e4 Na6 8. Be2 c5 9. d5 e6 10. O-O exd5 11. exd5 Bf5 12. Be3 Qb6 13. Nh4 Bd7 14. a3 Rfe8 15. Rab1 Rac8 16. h3 Qd8 17. Nf3 Bf5 18. Rbd1 Qb6 19. g4 Bc2 20. Rd2 Bb3 21. Qf4 Nc7 22. Bc4 Red8 23. d6 Ne6 24. Bxe6 fxe6 25. Ne5 Rf8 26. Qg3 Rcd8 27. Rc1 Rxd6 28. Nc4 Bxc4 29. Qxd6 Qxd6 30. Rxd6 b6 31. b4 cxb4 32. axb4 Nd5 33. Nxd5 exd5 34. b5 Bxb5 35. Rxd5 Be8 36. Rc7 h5 37. gxh5 a5 38. h6 Bf6 39. h7+ Kh8 40. Bxb6 Bf7 41. Rxa5 Be6 42. Ra6 Be5 43. Re7 Bc4 44. Rxe5 1-0

[Event "Reykjavik"]
[Site "?"]
[Date "1990.??.??"]
[Round "?"]
[White "Eingorn, V."]
[Black "Olafsson, H."]
[Result "1/2-1/2"]
[WhiteElo "2570"]
[BlackElo "2575"]
[PlyCount "61"]
[EventDate "1990.??.??"]
[Source "ChessBase"]
[SourceDate "1990.01.01"]

1. d4 Nf6 2. Nf3 g6 3. c4 Bg7 4. Nc3 d5 5. Qb3 dxc4 6. Qxc4 O-O 7. e4 Na6 8. Bf4 c5 9. dxc5 Qa5 10. e5 Nd7 11. a3 Qxc5 12. Qe4 Nb6 13. Be3 Qc7 14. Rc1 Bf5 15. Qh4 Rac8 16. Bxa6 bxa6 17. O-O Qb7 18. Nd4 Nc4 19. Bh6 Bxh6 20. Qxh6 Nxe5 21. Rfe1 f6 22. b4 Rfd8 23. Nxf5 gxf5 24. Rxe5 Rxc3 25. Rc5 Rxa3 26. Rxf5 Rad3 27. Rg5+ fxg5 28. Qxg5+ Kf8 29. Qf5+ Ke8 30. Qh5+ Kf8 31. Qf5+ 1/2-1/2

[Event "Goodricke 11th op"]
[Site "Calcutta"]
[Date "2000.02.13"]
[Round "8"]
[White "Sasikiran, Krishnan"]
[Black "Peng Xiaomin"]
[Result "0-1"]
[WhiteElo "2514"]
[BlackElo "2624"]
[PlyCount "88"]
[EventDate "2000.02.05"]
[Source "ChessBase"]
[SourceDate "2000.03.10"]

1. d4 Nf6 2. c4 g6 3. Nc3 d5 4. Nf3 Bg7 5. Qb3 dxc4 6. Qxc4 O-O 7. e4 Na6 8. Be2 c5 9. d5 e6 10. O-O exd5 11. exd5 Bf5 12. Be3 Qb6 13. Nh4 Bd7 14. Rab1 Rfe8 15. a3 Rac8 16. h3 Qa5 17. Nf3 b5 18. Qh4 c4 19. Bh6 Nc5 20. Ng5 Qb6 21. Rbd1 Qd6 22. Bf3 Bxh6 23. Qxh6 Qf8 24. Qh4 h6 25. Qf4 Qe7 26. Nxf7 Qxf7 27. Qxh6 Qg7 28. Qg5 Nfe4 29. Nxe4 Nxe4 30. Bxe4 Rxe4 31. Rfe1 Rce8 32. Rxe4 Rxe4 33. d6 Qf7 34. f3 Re6 35. Rd4 Qf6 36. Qc5 Re1+ 37. Kf2 Qe5 38. Rd5 Re2+ 39. Kf1 Qe3 40. Qxe3 Rxe3 41. Kf2 Rb3 42. Rc5 Rxb2+ 43. Ke3 Kf7 44. Re5 Be6 0-1